<?xml version="1.0" encoding="UTF-8"?>
<record
    xmlns:xsi="http://www.w3.org/2001/XMLSchema-instance"
    xsi:schemaLocation="http://www.loc.gov/MARC21/slim http://www.loc.gov/standards/marcxml/schema/MARC21slim.xsd"
    xmlns="http://www.loc.gov/MARC21/slim">

  <leader>01509nab a2200301 a 4500</leader>
  <controlfield tag="005">20250321073607.0</controlfield>
  <controlfield tag="007">ta</controlfield>
  <controlfield tag="008">250320e2002    dr un|p|r||||||0| | spa d</controlfield>
  <datafield tag="040" ind1=" " ind2=" ">
    <subfield code="a">DO-SdBNP</subfield>
    <subfield code="c">BNPHU</subfield>
    <subfield code="e">rda</subfield>
  </datafield>
  <datafield tag="041" ind1=" " ind2=" ">
    <subfield code="h">spa</subfield>
  </datafield>
  <datafield tag="100" ind1="1" ind2=" ">
    <subfield code="a">Peralta Romero, Rafael,</subfield>
    <subfield code="d">1948-</subfield>
    <subfield code="e">autor</subfield>
    <subfield code="9">79774</subfield>
  </datafield>
  <datafield tag="222" ind1=" " ind2=" ">
    <subfield code="a">Cuento</subfield>
  </datafield>
  <datafield tag="245" ind1=" " ind2=" ">
    <subfield code="a">La ni&#xF1;a que parec&#xED;a de agua /</subfield>
    <subfield code="c">Rafael Peralta Romero.</subfield>
  </datafield>
  <datafield tag="264" ind1=" " ind2=" ">
    <subfield code="a">Santo Domingo, Rep&#xFA;blica Dominicana : </subfield>
    <subfield code="b">Clodomiro Moquete, </subfield>
    <subfield code="c">2002.</subfield>
  </datafield>
  <datafield tag="300" ind1=" " ind2=" ">
    <subfield code="a">p&#xE1;gina, 3 : </subfield>
    <subfield code="b">ilustraciones ; </subfield>
    <subfield code="c">29 cm.</subfield>
  </datafield>
  <datafield tag="310" ind1=" " ind2=" ">
    <subfield code="a">Mensual.</subfield>
  </datafield>
  <datafield tag="336" ind1=" " ind2=" ">
    <subfield code="a">texto </subfield>
    <subfield code="b">txt</subfield>
    <subfield code="2">rdacontent</subfield>
  </datafield>
  <datafield tag="337" ind1=" " ind2=" ">
    <subfield code="a">sin mediaci&#xF3;n </subfield>
    <subfield code="b">n </subfield>
    <subfield code="2">rdamedia</subfield>
  </datafield>
  <datafield tag="338" ind1=" " ind2=" ">
    <subfield code="a">volumen </subfield>
    <subfield code="b">nc </subfield>
    <subfield code="2">rdacarrier</subfield>
  </datafield>
  <datafield tag="362" ind1=" " ind2=" ">
    <subfield code="a">A&#xF1;o.1: no.3 (mar. 1994).</subfield>
  </datafield>
  <datafield tag="500" ind1=" " ind2=" ">
    <subfield code="a">Este es el primero de varios cuentos de ni&#xF1;os que el reconocido escritor Rafael Peralta Romero entrega para el p&#xFA;blico de nuestra revista. Mil gracias.</subfield>
  </datafield>
  <datafield tag="500" ind1=" " ind2=" ">
    <subfield code="a">El escritor Rafael Peralta Romero, es el actual director de la Biblioteca Nacional Pedro Henr&#xED;quez Ure&#xF1;a, BNPHU.</subfield>
  </datafield>
  <datafield tag="520" ind1=" " ind2=" ">
    <subfield code="a">Melanc&#xF3;lica, frente al r&#xED;o, la ni&#xF1;a llov&#xED;a l&#xE1;grimas. Se apoyaba en la piedra alta y pulida, como si se recostara en el tronco de un &#xE1;rbol. Tanto lloraba que parec&#xED;a que con sus l&#xE1;grimas quisiera aumentar el caudal del r&#xED;o...</subfield>
  </datafield>
  <datafield tag="650" ind1=" " ind2="0">
    <subfield code="a">Cuento</subfield>
    <subfield code="9">82713</subfield>
    <subfield code="v">Publicaci&#xF3;n peri&#xF3;dica</subfield>
    <subfield code="z">Rep&#xFA;blica Dominicana</subfield>
  </datafield>
  <datafield tag="650" ind1=" " ind2="0">
    <subfield code="a">Literatura infantil dominicana</subfield>
    <subfield code="9">73308</subfield>
    <subfield code="v">Publicaci&#xF3;n peri&#xF3;dica</subfield>
  </datafield>
  <datafield tag="773" ind1="0" ind2=" ">
    <subfield code="0">37028</subfield>
    <subfield code="9">284195</subfield>
    <subfield code="o">37538-9-61-1</subfield>
    <subfield code="t">Vetas :</subfield>
    <subfield code="w">(DO-SdBNP)000037538</subfield>
  </datafield>
  <datafield tag="942" ind1=" " ind2=" ">
    <subfield code="2">ddc</subfield>
    <subfield code="c">ISSUE</subfield>
  </datafield>
  <datafield tag="999" ind1=" " ind2=" ">
    <subfield code="c">58490</subfield>
    <subfield code="d">58490</subfield>
  </datafield>
</record>
